| 000 | 01221nas a2200409 4500 | ||
|---|---|---|---|
| 001 | BR0700454 | ||
| 003 | BR-BrBNA | ||
| 005 | 20231205110520.0 | ||
| 007 | ta | ||
| 008 | 230509b bl.|||p| |||| 00| 00por d | ||
| 040 |
_aBR-BrBNA _bpor _cBiblioteca Nacional de Agricultura |
||
| 041 | _a(Pt) | ||
| 072 | _aL02; L52 | ||
| 100 | 1 | _aSilva, F.F. | |
| 100 | 1 | _aAguiar, M.S.M.A. | |
| 100 | 1 | _aVeloso, C.M. | |
| 100 | 1 | _aPires, A.J.V. | |
| 100 | 1 | _aBonomo, P. | |
| 100 | 1 | _aDutra, G.S. | |
| 100 | 1 | _aAlmeida, V.S. | |
| 100 | 1 | _aCarvalho, G.G.P. | |
| 100 | 1 | _aSilva, R.R. | |
| 100 | 1 | _aDias, A.M. | |
| 100 | 1 | _aÍtavo, L.C.V. | |
| 245 | 1 | _aDesempenho de novilhas leiteiras alimentadas com silagem de capim-elefante com adição de diferentes níveis de bagaço de mandioca | |
| 650 | _aNOVILHO LEITEIRO | ||
| 650 | _aCAPIM ELEFANTE | ||
| 650 | _aSILAGEM | ||
| 650 | _aMANDIOCA | ||
| 650 | _aBAGAÇO | ||
| 650 | _aNUTRIÇÃO ANIMAL | ||
| 650 | _aPERFORMANCE | ||
| 650 | _aGANHO DE PESO | ||
| 773 | 0 |
_tArquivo Brasileiro de Medicina Veterinária e Zootecnia (Brazil) _xISSN 0102-0935 _g(2006), v. 58(2) p. 205-211 _wBR0700454 |
|
| 909 |
_a202311 _bLúcia _c55 _dLúcia Elande |
||
| 942 |
_2AGRIS _n0 _cANA |
||
| 999 |
_c187699 _d187699 |
||